| 000 | 00430cam a2200181ua 4500 | ||
|---|---|---|---|
| 020 | _c7.50 | ||
| 041 |
_ahin _h |
||
| 082 |
_a891.54 _bHAN/AS |
||
| 100 | _aHansraj, Bhatia . | ||
| 245 |
_aAsamanya manovijnan / _cHansraj bhatia. _hTextual Documents |
||
| 250 |
_a1 / _b. |
||
| 260 |
_aDelhi : _bRajkamal Prakashan , _c1951. |
||
| 300 | _a296 ; . | ||
| 365 | _a7.50 | ||
| 504 | _a | ||
| 942 | _cBK | ||
| 999 |
_c8444 _d8444 |
||